| 000 | 00893cam a2200265 4500 | ||
|---|---|---|---|
| 008 | 090401t1996 xxu||||| |||| 00| 0 eng d | ||
| 020 | _a0860174395 | ||
| 035 | _a(Sirsi) u57852 | ||
| 041 | _aeng | ||
| 050 |
_a338.2762 _c18 |
||
| 100 | _aHumphreys, B. | ||
| 245 |
_aBeach recharge materials _bdemand and resources |
||
| 260 |
_aLondon _bCIRIA _c1996 |
||
| 300 |
_a174p. _bill., maps _c30cm |
||
| 350 | _a0 | ||
| 490 |
_aCIRIA Report _v154 |
||
| 520 | _aCompares beach reacharge resources with future demand to provide an overview of the volume of material likely to be available. | ||
| 690 | _aPROPERTY-RURAL AND NATURAL ASSETS-RURAL AND NATURAL ASSET MANAGEMENT-COASTAL MANAGEMENT | ||
| 700 | _aCoates, T. | ||
| 700 | _aWatkiss, M. | ||
| 700 | _aHarrison, D. | ||
| 710 |
_aConstruction Industry Research and Information Association _94810 |
||
| 942 | _n0 | ||
| 948 | _c04/03/1997 | ||
| 999 |
_c93986 _d93986 |
||